01421cam a22003617a 4500003000500000005001700005008004100022010001000063011001000073035001000083040000900093090001000102100004100112245008300153260004000236300001900276502008100295590003700376590004100413590004100454590004100495590004200536650003600578650003700614650001800651901000700669942000900676949004200685949005500727999001700782952013300799952012700932CHAP20220329141414.0971013s1988 r 00010 d a67644 a68616 a78089 cCHAP aTesis00aGalíndez Espinosa, Rogelio.944486 0aGuía para la producción de rosas en invernadero en el estado de Guanajuato aChapingo, Méx. :bEl autor,c1988 a79 h.b: ilus. aTesis (Ing. Agr. Esp. en Irrigación) -- UACH. Departamento de Irrigación aALEPHb10c20130110lUCH01h1402 aBATCH-UPDb10c20130110lUCH01h0419 aBATCH-UPDb10c20130410lUCH01h0054 aBATCH-UPDb10c20130914lUCH01h1129 aCONVERSIONb10c20130109lUCH01h133714aCultivos en invernadero.93037614aFloriculturaxGuanajuato.94184114aRosas.999959 aBK cFOLL bBCcTESd-30963eTS1h21093i78089si bBCcTESd33724000895322eTS2fc.2h21094i78089si c67644d67644 00102local4053708TESISaBCbBCcPA_TESISd2019-12-31fTESISl0p33724000895322r2019-12-31 00:00:00tc.2w2019-12-31yTESIS 00102local4051708TESISaBCbBCcPA_TESISd2019-12-31fTESISl0oTesisp-30963r2019-12-31 00:00:00w2019-12-31yTESIS